| 000 | 01155 a2200217 4500 | ||
|---|---|---|---|
| 001 | 54066 | ||
| 005 | 20260407155811.0 | ||
| 008 | 260407a1974 arg spa d | ||
| 003 | AR-UNSa-BCEJYS | ||
| 040 |
_aAR-UNSa-BCEJYS _bspa _cAR-UNSa-BCEJYS |
||
| 080 |
_a330.1 _xCiencia económica. Conceptos fundamentales de teoría económica. Valor. Capital. Fondos |
||
| 245 | 1 | 0 | _aRenta, precios y balanza de pagos |
| 020 | _a84-206-2113-7 | ||
| 264 | 1 |
_aMadrid : _bAlianza Editorial _c1974 |
|
| 300 |
_a504 p. _c20 cm. |
||
| 505 | _aPrimera parte: Introducción general - I. Magnitudes agregadas básicas - II. Corrientes financieras de la economía - Segunda parte: El modelo - III. Un modelo de determinación del nivel de renta en una economía cerrada - IV. El modelo de determinación del nivel de renta en una economía abierta - Tercera parte: Líneas de ampliación del modelo - V. La demanda agregada de consumo - VI. La demanda agregada de inversión - VII. Nivel de empleo,salarios y precios - VIII. El dinero y el sistema financiero | ||
| 041 | _aspa | ||
| 942 | _cBK | ||
| 590 | _aniveau_biblio:m niveau_hierar:0 | ||
| 100 | 1 | _aRojo, Luis Ángel | |
| 999 |
_c5334 _d5334 |
||